Akith Quiz - Statistics

General Stats
  • This quiz has been taken 8 times
  • The average score is 12 of 15
Answer Stats
Hint Answer % Correct
What year was Akith born in? 2006
100%
What language did Akith study at school? Chinese
100%
Who does Akith steal money from? Jack
100%
Where is Akith's family from? Sri Lanka
100%
In what subject did Akith get 8/10 for a quiz? Chemistry
75%
What is Akith's favourite food? Curry
75%
In which subject does Akith NOT play games in? English
75%
Who beat Akith in the most recent tests in both subjects above? everyone lmao
75%
What is Akith's favourite game? Hollow Knight
75%
What is Akith's favourite subject Maths
75%
And before that? Sim City
75%
What does Akith like to buy with the money he stole from the person above? Snakes
75%
What sport does Akith play at school? Table Tennis
75%
What sport does Akith play out of school? Tennis
75%
What game did Akith play before that? Pokemon
50%
No matching quizzes found
Score Distribution
Percent of People with Each Score
Percentile by Number Answered
Your Score History
You have not taken this quiz